000 00297nam a2200109Ia 4500
008 240521s1999 xx 000 0 und d
041 _aeng
100 _aROBINETTE G.
245 _aLANDSCAPE PLANNING FOR ENERGY CONSERVATION.
260 _bVAN NOSTRAND REINHOLD COMPANY LTD
_c1999
300 _a224
999 _c1158049
_d1158049